000 00423nam a2200145Ia 4500
008 231129s2012||||xx |||||||||||||| ||spa||
020 _a978-84-306-0081-6
040 _bspa
082 _a909.08 D228s
100 _aDarwin John.
245 0 _aEl sueño del imperio: auge y caí­da de las potencias globales 1400-2000
260 _c2012
264 _aMadrid : Taurus
942 _2ddc
_cBKS
999 _c12489
_d12489